000 00280nam a2200109Ia 4500
008 220204s9999 xx 000 0 und d
082 _a658.8(038)
_bSTR
100 _aStrand, Stanley
245 0 _aMarketing dictionary
490 _aNew York Philosophical library 1962
942 _cBK
999 _c23037
_d23037